000 00517nam a2200181Ia 4500
008 100920s9999 xx 000 0 und d
082 _b46543
_a24 थ 83
100 _aसाळोखे विलास.
245 _aमिथुन.
260 _bगुरु प्रकाशन, कोल्हापूर.
_c1983
300 _a102
_bसाधी
365 _b12
520 _aसायो.
630 _aमिथुन.
650 _aसायो.
730 _aमिथुन.
942 _cBOOK
999 _c694336
_d694333